000 01150nam2a22002531 4500
001 rc\976064
005 20250622110414.0
035 _a(NLR Aleph) 006255316
090 _a6793278
_c6793278
100 _a20041129d1985 |||y0rusy50 ca
101 0 _arus
102 _aRU
105 _aa |||||||||
200 0 _aВып. 4
_e[Материалы конф., Ноттингем, 1982 г.]
_fПер. Г.Н. Жидкоблиновой, В.В. Турчинского
210 _cАгропромиздат
_d1985
_aБ. м.
215 _a288 с.
_cил.
_d21
300 _aПеревод изд.: Recent advances in animal nutrition, 1982 (London etc.)
320 _aБиблиогр. в конце докл.
461 0 _1001rc\976061
_12001#$aНовейшие достижения в исследовании питания животных$eПер. с англ.$vВып. 4
_96793252
_cМ.
_d1983-
_nКолос
_oПер. с англ.
_tНовейшие достижения в исследовании питания животных
_vВып. 4
801 0 _aRU
_bNLR
_gpsbo
801 1 _aRU
_bELAR
_2rusmarc
852 _aNLR
_j84-5/2100
942 _cBOOK
980 _aNB